[Event "Unterfranken-ch69 HT"]
[Site "Schweinfurt"]
[Date "2018.04.06"]
[Round "7"]
[White "Mehler, Walter"]
[Black "Nicola, Marius"]
[Result "1/2-1/2"]
[WhiteElo "1646"]
[BlackElo "1491"]
[PlyCount "40"]
[EventDate "2018.04.02"]
[EventType "swiss"]
[EventRounds "9"]
[EventCountry "GER"]
[SourceTitle "EXT 2019"]
[Source "ChessBase"]
[SourceDate "2018.10.10"]
[SourceVersion "1"]
[SourceVersionDate "2018.10.10"]
[SourceQuality "1"]

1. e4 e6 2. d4 d5 3. e5 c5 4. c3 Nc6 5. Nf3 Bd7 6. Be2 Nge7 7. 0-0 Nf5 8. Na3 a6 9. Nc2 Be7 10. Ne3 Nxe3 11. Bxe3 c4 12. b3 b5 13. b4 a5 14. a3 0-0 15. Qd2 f6 16. Bf4 f5 17. Bg5 Bxg5 18. Qxg5 Qxg5 19. Nxg5 h6 20. Nf3 a4 1/2-1/2

[Event "Unterfranken-ch HB 59th"]
[Site "Rieneck"]
[Date "2008.03.29"]
[Round "9"]
[White "Mehler, Walter"]
[Black "Schwarz, Dominik"]
[Result "1-0"]
[WhiteElo "1573"]
[BlackElo "925"]
[PlyCount "77"]
[EventDate "2008.03.24"]
[EventType "swiss"]
[EventRounds "9"]
[EventCountry "GER"]
[SourceTitle "EXT 2015"]
[Source "ChessBase"]
[SourceDate "2014.11.20"]
[SourceVersion "1"]
[SourceVersionDate "2014.11.20"]
[SourceQuality "1"]

1. e4 e5 2. Nf3 Nc6 3. Bc4 Bc5 4. 0-0 Nf6 5. d3 h6 6. c3 0-0 7. b4 Bb6 8. a4 a5 9. b5 Ne7 10. Nxe5 Qe8 11. Ba3 d6 12. Nf3 Be6 13. Bxe6 fxe6 14. Qb3 Qf7 15. e5 dxe5 16. Nxe5 Qe8 17. Qxe6+ Rf7 18. Nxf7 Qxf7 19. Qxe7 Qxe7 20. Bxe7 Re8 21. Bxf6 gxf6 22. Na3 Bc5 23. d4 Bxa3 24. Rxa3 b6 25. c4 Re6 26. f4 Re4 27. Rd3 Re2 28. c5 Ra2 29. cxb6 cxb6 30. Rc1 Rxa4 31. Rc6 Ra1+ 32. Kf2 a4 33. Rxb6 a3 34. Ra6 Ra2+ 35. Kf3 Rb2 36. Rdxa3 Rxb5 37. Ra7 Rd5 38. Rc3 Rxd4 39. Rc8+ 1-0

[Event "Unterfranken-ch HA 49th"]
[Site "Rieneck"]
[Date "1998.??.??"]
[Round "6"]
[White "Jantschuk, V."]
[Black "Mehler, Walter"]
[Result "1-0"]
[WhiteElo "2000"]
[BlackElo "1685"]
[PlyCount "75"]
[EventDate "1998.04.13"]
[EventType "swiss"]
[EventRounds "9"]
[EventCountry "GER"]
[SourceTitle "EXT 2004"]
[Source "ChessBase"]
[SourceDate "2003.11.25"]
[SourceVersion "1"]
[SourceVersionDate "2003.11.25"]
[SourceQuality "1"]

1. e4 e5 2. Nf3 Nc6 3. Bc4 Bc5 4. a3 a5 5. d3 Nf6 6. Nc3 h6 7. h3 d6 8. Be3 b6 9. Qd2 Rb8 10. 0-0 0-0 11. Ne2 Be6 12. Ng3 Qe7 13. Nf5 Bxf5 14. exf5 d5 15. Bxc5 Qxc5 16. Ba2 e4 17. Nh4 Rbd8 18. g4 exd3 19. cxd3 Qd4 20. Nf3 Qc5 21. Rac1 Qd6 22. Rc2 Ne5 23. Nxe5 Qxe5 24. d4 Qd6 25. Rfc1 Ne4 26. Qe3 Rc8 27. Rc6 Qd8 28. Qf4 Ng5 29. Kg2 Re8 30. Rxc7 Rxc7 31. Qxc7 Qf6 32. Qc6 Re2 33. Qxf6 gxf6 34. Bxd5 Rxb2 35. h4 Nh7 36. Rc7 Rd2 37. Bxf7+ Kf8 38. d5 1-0

[Event "Unterfranken-ch HA 49th"]
[Site "Rieneck"]
[Date "1998.??.??"]
[Round "3"]
[White "Krausert, Helmut"]
[Black "Mehler, Walter"]
[Result "1-0"]
[WhiteElo "1815"]
[BlackElo "1685"]
[PlyCount "65"]
[EventDate "1998.04.13"]
[EventType "swiss"]
[EventRounds "9"]
[EventCountry "GER"]
[SourceTitle "EXT 2004"]
[Source "ChessBase"]
[SourceDate "2003.11.25"]
[SourceVersion "1"]
[SourceVersionDate "2003.11.25"]
[SourceQuality "1"]

1. c4 c5 2. Nc3 Nc6 3. g3 Nf6 4. Bg2 e6 5. e4 Be7 6. Nge2 b6 7. 0-0 Bb7 8. d4 cxd4 9. Nxd4 Nxd4 10. Qxd4 Bc5 11. Qd3 e5 12. Bg5 Be7 13. Rfd1 Bc6 14. Bxf6 Bxf6 15. b4 Qc7 16. b5 Bb7 17. Rac1 Rd8 18. h4 0-0 19. Nd5 Qd6 20. Nxf6+ Qxf6 21. c5 Qe6 22. Qd6 Qxd6 23. cxd6 Rc8 24. Rc7 Rxc7 25. dxc7 d5 26. exd5 Bc8 27. d6 Bd7 28. Bc6 Bg4 29. f3 Be6 30. d7 Bxa2 31. c8Q Be6 32. Qxf8+ Kxf8 33. d8Q# 1-0

[Event "Unterfranken-ch H1 46th"]
[Site "Karlburg"]
[Date "1995.??.??"]
[Round "?"]
[White "Duernhoefer, Robert"]
[Black "Mehler, Walter"]
[Result "1-0"]
[WhiteElo "1582"]
[BlackElo "1686"]
[PlyCount "67"]
[EventDate "1995.04.17"]
[EventType "swiss"]
[EventRounds "9"]
[EventCountry "GER"]
[SourceTitle "EXT 2015"]
[Source "ChessBase"]
[SourceDate "2014.11.20"]
[SourceVersion "1"]
[SourceVersionDate "2014.11.20"]
[SourceQuality "1"]

1. c4 c5 2. Nf3 Nf6 3. Nc3 Nc6 4. e3 e6 5. d4 d5 6. Be2 dxc4 7. Bxc4 a6 8. a3 b5 9. Ba2 c4 10. 0-0 Be7 11. b3 Nd5 12. Qc2 b4 13. Nxd5 exd5 14. bxc4 bxa3 15. c5 0-0 16. Bxa3 Be6 17. Rfb1 Qd7 18. Rb2 Rfb8 19. Bb3 Bf5 20. Qc3 a5 21. Ba4 Qc7 22. Bxc6 Qxc6 23. Rxb8+ Rxb8 24. Qxa5 Bd8 25. Ne5 Qb7 26. Qc3 Ba5 27. Qc1 Qb3 28. h3 Bc3 29. Nc6 Rb7 30. Bb2 Bxb2 31. Qxb2 Qd1+ 32. Kh2 h5 33. Qxb7 Qxa1 34. Ne7+ 1-0

[Event "Unterfranken-ch HB 44th"]
[Site "Rieneck"]
[Date "1993.??.??"]
[Round "2"]
[White "Mehler, Walter"]
[Black "Duernhoefer, Robert"]
[Result "1-0"]
[WhiteElo "1702"]
[BlackElo "1549"]
[PlyCount "69"]
[EventDate "1993.04.12"]
[EventType "swiss"]
[EventRounds "9"]
[EventCountry "GER"]
[SourceTitle "EXT 2015"]
[Source "ChessBase"]
[SourceDate "2014.11.20"]
[SourceVersion "1"]
[SourceVersionDate "2014.11.20"]
[SourceQuality "1"]

1. e4 c6 2. d4 d5 3. exd5 cxd5 4. Bd3 Nc6 5. c3 g6 6. Bf4 Bh6 7. Bg3 Nf6 8. Nf3 Nh5 9. Qc2 0-0 10. Nbd2 Nf4 11. 0-0 Nxd3 12. Qxd3 Bf5 13. Qe2 Qb6 14. Nb3 Rae8 15. Nh4 Bd7 16. f4 Na5 17. Qf2 f5 18. Nc5 Bb5 19. Rfe1 Nc4 20. Re6 Nd6 21. Qe1 Rf7 22. Nf3 Qd8 23. Ne5 Ne4 24. Nxf7 Kxf7 25. Re5 Bg7 26. Ne6 Qb6 27. Nxg7 Kxg7 28. Bh4 e6 29. Bg5 Bd3 30. Qh4 Qxb2 31. Rxe4 Qxa1+ 32. Re1 Qxa2 33. Bf6+ Kg8 34. Qh6 Re7 35. Bxe7 1-0

[Event "Unterfranken-ch HB 44th"]
[Site "Rieneck"]
[Date "1993.??.??"]
[Round "6"]
[White "Mehler, Walter"]
[Black "Muthig, Holger"]
[Result "1-0"]
[WhiteElo "1702"]
[BlackElo "1215"]
[PlyCount "57"]
[EventDate "1993.04.12"]
[EventType "swiss"]
[EventRounds "9"]
[EventCountry "GER"]
[SourceTitle "EXT 2015"]
[Source "ChessBase"]
[SourceDate "2014.11.20"]
[SourceVersion "1"]
[SourceVersionDate "2014.11.20"]
[SourceQuality "1"]

1. e4 e5 2. Nf3 Nc6 3. d4 exd4 4. Bc4 d6 5. c3 Nf6 6. Ng5 Ne5 7. Qb3 d5 8. exd5 Bd6 9. Bb5+ Nfd7 10. cxd4 Ng6 11. 0-0 0-0 12. Nc3 Nf6 13. Bd3 Nf4 14. Bxf4 Bxf4 15. Nf3 Re8 16. h3 b6 17. Rfe1 Bb7 18. Bc4 Qd6 19. Nb5 Qf8 20. Ne5 Re7 21. d6 cxd6 22. Nxd6 Bxe5 23. Rxe5 Rd8 24. Rxe7 Bd5 25. Nf5 g6 26. Bxd5 Nxd5 27. Re5 gxf5 28. Rxd5 Re8 29. Qg3+ 1-0

[Event "Unterfranken-ch HB 44th"]
[Site "Rieneck"]
[Date "1993.??.??"]
[Round "3"]
[White "Wambach, Juergen"]
[Black "Mehler, Walter"]
[Result "1-0"]
[WhiteElo "1862"]
[BlackElo "1702"]
[PlyCount "49"]
[EventDate "1993.04.12"]
[EventType "swiss"]
[EventRounds "9"]
[EventCountry "GER"]
[SourceTitle "EXT 2015"]
[Source "ChessBase"]
[SourceDate "2014.11.20"]
[SourceVersion "1"]
[SourceVersionDate "2014.11.20"]
[SourceQuality "1"]

1. c4 Nf6 2. Nc3 c5 3. g3 g6 4. Bg2 Bg7 5. e4 d6 6. f4 Nc6 7. Nf3 0-0 8. 0-0 e5 9. d3 Bg4 10. a3 Qd7 11. Rb1 a5 12. Be3 Bh3 13. fxe5 dxe5 14. Bxc5 Rfd8 15. Nd5 Nxd5 16. exd5 Nd4 17. Bxd4 exd4 18. Bxh3 Qxh3 19. Ng5 Qh6 20. Qg4 f5 21. Qf4 Re8 22. Rfe1 Re3 23. Rxe3 dxe3 24. Re1 Re8 25. Rxe3 1-0

[Event "Unterfranken-ch HA 43th"]
[Site "Sailauf"]
[Date "1992.??.??"]
[Round "6"]
[White "Mehler, Walter"]
[Black "Mager, Thomas"]
[Result "0-1"]
[WhiteElo "1670"]
[BlackElo "1605"]
[PlyCount "64"]
[EventDate "1992.04.20"]
[EventType "swiss"]
[EventRounds "9"]
[EventCountry "GER"]
[SourceTitle "EXT 2015"]
[Source "ChessBase"]
[SourceDate "2014.11.20"]
[SourceVersion "1"]
[SourceVersionDate "2014.11.20"]
[SourceQuality "1"]

1. e4 e6 2. d4 d5 3. e5 c5 4. c3 Nc6 5. Nf3 Qb6 6. Be2 cxd4 7. cxd4 Bb4+ 8. Nc3 Nge7 9. a3 Bxc3+ 10. bxc3 0-0 11. 0-0 f6 12. Qc2 fxe5 13. dxe5 Ng6 14. Bd3 Rxf3 15. Bxg6 hxg6 16. Be3 Rxe3 17. fxe3 Qxe3+ 18. Kh1 Qg5 19. Qf2 Qe7 20. Rae1 Bd7 21. Qg3 Rf8 22. Rxf8+ Qxf8 23. Qf3 Qf5 24. Qg3 Na5 25. Kg1 Bb5 26. Qh4 Nc6 27. g4 Qf4 28. h3 Bd3 29. a4 Be4 30. Rf1 Qd2 31. Qg3 Nxe5 32. Rf2 Qd1+ 0-1